000 00696nam a2200205Ia 4500
001 12324
003 GE_BSU
008 181216s||||||||xx |||||||||||||| ||und||
040 _cGE_BSU
080 _a504.062
100 _aРаменский,Л.Г.
245 _aИзбранные работы: Проблемы и методы изучения растительного покрова
260 _aЛенинград
260 _bНаука
260 _c1971
300 _a233стр.27см.
300 _cБиблиогр.с.328-331
653 _aИзбранные работы: Проблемы и методы изучения растительного покрова
942 _cBK
999 _c45499
_d45499